Normal view
MARC view
- PARQUE NACIONAL AMBOSELI (KENYA)
Entry Nombre Geográfico
001 - NÚMERO DE CONTROL
- campo de control: 8277
003 - IDENTIFICADOR DE NUMERO DE CONTROL
- campo de control: UPN
005 - FECHA Y HORA DE LA ÜLTIMA TRANSACCIÓN
- campo de control: 20210219193724.0
008 - DATOS DE LONGITUD FIJA
- campo de control de longitud fija: nabaccnnaabn|||||||||| b |nc|||||d
035 ## - NÚMERO DE CONTROL
- Número de control: UPN10000008283
040 ## - FUENTE DE CATALOGACIÓN
- Lenguaje de catalogación: SPA
- Agencia de transcripción: UPN
151 ## - ENCABEZAMIENTO - NOMBRE GEOGRÁFICO
- Nombre geográfico: PARQUE NACIONAL AMBOSELI (KENYA)
670 ## - FUENTE EN LA QUE SE LOCALIZARON DATOS
- Cita de la fuente: LC
- Información localizada: Amboseli National Park (Kenya)
902 ## - CATALOGADOR
- Catalogador: MEEG/231107
